000 01198nam0a22002891 4500
001 rc\3648023
005 20260407111948.0
021 _aRU
_b[73-74612]
035 _a(NLR Aleph) 007832341
090 _a9748722
_c9748722
100 _a20130115d1973 |||y0rusy50 ca
101 0 _arus
102 _aRU
105 _aa z |||||
200 1 _aМолекулярная биология вирусов
_e(Сборник трудов)
_fПод ред. акад. В.М. Жданова
_gАкад. мед. наук СССР. Ин-т вирусологии им. Д.И. Ивановского
210 _aМосква
_cБ. и.
_d1973
215 _a238 с.
_cил.
_d21
300 _aРез. работ на англ. яз.
320 _aСписки лит. в конце работ
606 _aМолекулярная вирусология
_jСборники
_2psbo
702 1 _aЖданов
_bВ.М.
_gВиктор Михайлович
_4340
712 0 2 _aИнститут вирусологии им. Д. И. Ивановского
_cМосква
_3RU\NLR\AUTH\8810063972
_9629530
801 0 _aRU
_bNLR
_gpsbo
801 1 _aRU
_bELAR
_2rusmarc
852 _aNLR
_j73-5/4231
942 _cBOOK
980 _aNB